Mario Kart 7 - les Personnages [avec image] - Statistiques

Statistiques générales
  • Ce quiz a été pris 117 fois
  • Le résultat moyen est 15 sur 17
Statistiques - réponses
Par images Réponse % Correct
Mario
100%
Bowser
99%
Luigi
99%
Princesse Peach
99%
Yoshi
98%
Toad
96%
Donkey Kong
95%
Wario
95%
Princesse Daisy
94%
Mii
92%
Koopa Troopa
89%
Harmonie
86%
Maskass
77%
Mario de Métal
76%
Lakitu
71%
Wiggler
57%
Reine des Abeilles
54%
Aucun quiz correspondant
Distribution des résultats
% des personnes avec chaque résultat
Percentile par nombre de réponses
Votre historique - résultats
Vous n’avez pas pris ce quiz